Vienna Imperial-New Year's Concert 1970 (Lp Sxl 6419) (Record n. 103126)
[ formato base ]
| 000 -LEADER | |
|---|---|
| fixed length control field | 01150njm a2200277Ia 4500 |
| 001 - CONTROL NUMBER | |
| control field | 23768 |
| 003 - CONTROL NUMBER IDENTIFIER | |
| control field | IT-RoPAU |
| 005 - DATE AND TIME OF LATEST TRANSACTION | |
| control field | 20220918181202.0 |
| 008 - FIXED-LENGTH DATA ELEMENTS--GENERAL INFORMATION | |
| fixed length control field | 131025s9999 xx 000 0 und d |
| 040 ## - CATALOGING SOURCE | |
| Original cataloging agency | IT-RoPAU |
| 040 ## - CATALOGING SOURCE | |
| Transcribing agency | IT-RoPAU |
| 999 ## - SYSTEM CONTROL NUMBERS (KOHA) | |
| Koha Dewey Subclass [OBSOLETE] | n.d. |
| 100 ## - MAIN ENTRY--PERSONAL NAME | |
| Personal name | Strauss Johann Jr. |
| 9 (RLIN) | 5717 |
| 100 ## - MAIN ENTRY--PERSONAL NAME | |
| Relator term | Autore musica |
| 9 (RLIN) | 5718 |
| 100 ## - MAIN ENTRY--PERSONAL NAME | |
| Miscellaneous information | Codice autore musica SPICS: 11164 |
| 9 (RLIN) | 5719 |
| 245 ## - TITLE STATEMENT | |
| Title | Vienna Imperial-New Year's Concert 1970 (Lp Sxl 6419) |
| 250 ## - EDITION STATEMENT | |
| Edition statement | 1a ed. |
| 260 ## - PUBLICATION, DISTRIBUTION, ETC. (IMPRINT) | |
| Place of publication, distribution, etc. | LONDON |
| 260 ## - PUBLICATION, DISTRIBUTION, ETC. (IMPRINT) | |
| Name of publisher, distributor, etc. | DECCA RECORD COMPANY |
| Date of publication, distribution, etc. | 1970 [1a Ed.:1970] |
| 300 ## - PHYSICAL DESCRIPTION | |
| Extent | DISCO |
| 500 ## - GENERAL NOTE | |
| General note | Musica classica. Valzer |
| 505 ## - FORMATTED CONTENTS NOTE | |
| Formatted contents note | Franz Josef I, Jubel Marsch op. 126 (Arr. Sandauer) - Lagunen Walzer op. 411 - Orpheus Quadrille op. 236 (Arr. Sandauer) - Schneeglockchen Walzer op. 143 (Arr. Sandauer) - Waldmeister-Overture - S'Gibt Nur a Kaiserstadt, S'Gibt Nur a Wien. Polka op. 291 - So Angstlich Sind Wir Nicht. Polka Schnell op. 413 - Orpheus Quadrille op. 236 (Arr. Sandauer) |
| 511 ## - PARTICIPANT OR PERFORMER NOTE | |
| Participant or performer note | The Vienna Philarmonic Orchestra diretta da Boskovsky Willi |
| 650 ## - SUBJECT ADDED ENTRY--TOPICAL TERM | |
| Topical term or geographic name as entry element | VALZER [DISCHI] |
| Relator term | Codice MATERIA SPICS: 9950 |
| 9 (RLIN) | 5720 |
| 942 ## - ADDED ENTRY ELEMENTS (KOHA) | |
| Koha item type | DISCHI |
| Source of classification or shelving scheme | Dewey Decimal Classification |
| Withdrawn status | Lost status | Damaged status | Not for loan | Home library | Current library | Date acquired | Total Checkouts | Full call number | Date last seen | Price effective from | Koha item type | Public note |
|---|---|---|---|---|---|---|---|---|---|---|---|---|
| Buone Condizioni | Not For Loan | SPICS-MEDIATECA | SPICS-MEDIATECA | 25/10/2013 | 23768 | 25/10/2013 | 25/10/2013 | DISCHI | Progr. Ins.: 4615 / N.Vol.: 1 / Copie: 1 - Copia rara: n.d. / date import: 01.01.2014 - By Epidotti, Trombetti, Vaglietti |